Living rivers, dying rivers / (Record no. 7284)
[ view plain ]
| 000 -LEADER | |
|---|---|
| fixed length control field | 02555cam a2200301 4500 |
| 001 - CONTROL NUMBER | |
| control field | 8425 |
| 005 - DATE AND TIME OF LATEST TRANSACTION | |
| control field | 20181127185911.0 |
| 008 - FIXED-LENGTH DATA ELEMENTS--GENERAL INFORMATION | |
| fixed length control field | 150907s2015 ii ab b 000 0 eng d |
| 010 ## - LIBRARY OF CONGRESS CONTROL NUMBER | |
| LC control number | 2015361695 |
| 020 ## - INTERNATIONAL STANDARD BOOK NUMBER | |
| International Standard Book Number | 0199456224 (hardback) |
| International Standard Book Number | 9780199456222 (hardback) |
| 100 ## - MAIN ENTRY--PERSONAL NAME | |
| Personal name | Iyer, Ramaswamy R. |
| Numeration | |
| Titles and words associated with a name | |
| Dates associated with a name | |
| Relator term | editor |
| Fuller form of name | |
| 245 00 - TITLE STATEMENT | |
| Title | Living rivers, dying rivers / |
| Statement of responsibility, etc. | edited by Ramaswamy R. Iyer. |
| 250 ## - EDITION STATEMENT | |
| Edition statement | First edition. |
| 264 #1 - PRODUCTION, PUBLICATION, DISTRIBUTION, MANUFACTURE, AND COPYRIGHT NOTICE | |
| Place of production, publication, distribution, manufacture | New Delhi, India : |
| Name of producer, publisher, distributor, manufacturer | Oxford University Press, |
| Date of production, publication, distribution, manufacture, or copyright notice | 2015. |
| 300 ## - PHYSICAL DESCRIPTION | |
| Extent | xxii, 475 pages : |
| Other physical details | illustrations (black and white), maps (black and white) ; |
| Dimensions | 23 cm |
| 336 ## - CONTENT TYPE | |
| Content type term | text |
| Content type code | txt |
| Source | rdacontent |
| 337 ## - MEDIA TYPE | |
| Media type term | unmediated |
| Media type code | n |
| Source | rdamedia |
| 338 ## - CARRIER TYPE | |
| Carrier type term | volume |
| Carrier type code | nc |
| Source | rdacarrier |
| 504 ## - BIBLIOGRAPHY, ETC. NOTE | |
| Bibliography, etc. note | Includes bibliographical references. |
| 505 ## - FORMATTED CONTENTS NOTE | |
| Formatted contents note | CONTENTS: The Yamuna : living or dying? / Brij Gopal -- The Yamuna : an extreme case / Manoj Misra -- The Ganga : a lament and a plea / Rama Rauta -- The Ganga : a trickle of hope / Vinod Tare, Gautam Roy -- The Ganga : pollution abatement strategies : a review of GAP and emerging institutional models / N.C. Narayanan -- The Indus system : changing environment in the Jhelum Basin / Shakil A. Romshoo -- The Brahmaputra and other rivers of the North-East / Chandan Mahanta, Lalit Saikia -- Embanking rivers : the Bagmati in Bihar / Dinesh Kumar Mishra -- The rivers of West Bengal : dying, living / Kalyan Rudra -- The Mahanadi : a great river in distress / Ranjan Kishor Panda -- River as a feminine presence : Godavari in Andhra Pradesh / R. Umamaheshwari -- In search of a living river : a journey across Tamil Nadu / S. Janakarajan -- Between the living and the dying : rivers of Kerala / Latha Anantha -- Karnataka : Cauvery in death throes / Leo F. Saldanha, Bhargavi S. Rao -- Living and dying rivers of the Western Ghats / Pandurang Hegde -- Endangering a heritage : rivers of Maharashtra / Parineeta Dandekar -- The Narmada and other rivers of Gujarat / Himanshu Thakkar -- Caring for our rivers : an overview / Paritosh C. Tyagi - - A law to protect rivers / Manoj Misra -- What hydroelectric projects do to rivers / Ravi Chopra -- Killing a river : failure of regulation / Kelly D. Alley -- Towards a more comprehensive understanding of rivers / Kuntala Lahiri-Dutt -- Afterword / Ramaswamy R. Iyer -- Annexe to Afterword. |
| Miscellaneous information | |
| Statement of responsibility | |
| Title | |
| 520 ## - SUMMARY, ETC. | |
| Summary, etc. | Contributed articles. |
| 650 #0 - SUBJECT ADDED ENTRY--TOPICAL TERM | |
| Topical term or geographic name entry element | Environmental law |
| Geographic subdivision | India. |
| Topical term or geographic name entry element | Rivers |
| Geographic subdivision | India. |
| Topical term or geographic name entry element | Stream ecology |
| Geographic subdivision | India. |
| Topical term or geographic name entry element | Water |
| Geographic subdivision | India. |
| 700 1# - ADDED ENTRY--PERSONAL NAME | |
| Personal name | Iyer, Ramaswamy R., |
| Relator term | editor. |
| Withdrawn status | Lost status | Source of classification or shelving scheme | Damaged status | Not for loan | Collection code | Home library | Current library | Shelving location | Serial Enumeration / chronology | Inventory number | Total Checkouts | Full call number | Barcode | Date last seen | Price effective from | Koha item type |
|---|---|---|---|---|---|---|---|---|---|---|---|---|---|---|---|---|
| Dewey Decimal Classification | Main TEST | RTC Library | RTC Library | Main opac | 12888 | 577.6 IYE | 30012841 | 27/11/2018 | 27/11/2018 | Main |